000 00591nam a22002177a 4500
999 _c12382
_d12382
003 PK-NaQUE
005 20250522155323.0
008 250522b ||||| |||| 00| 0 eng d
040 _cQUEST
082 _a517PRO
100 _aProtter, Murray H.
245 _aCalculus with Analytic Geometry
250 _a2nd ed
260 _aLondon
_bAddison Wisely Publishing Company
_c1975
300 _a548p
650 _aCalculus
650 _aGeometry, Analytic
700 _aMorrey, Charles B.
856 _uhttp://10.10.170.122:8080/browse/book/27401
_yDownload eBook
942 _cBK
_2ddc